[Event "Wuerttemberg-ch KT"]
[Site "Bisingen"]
[Date "2013.09.05"]
[Round "6"]
[White "Canzek, Zlatko"]
[Black "Hollstein, Guenter"]
[Result "0-1"]
[WhiteElo "1832"]
[BlackElo "1986"]
[PlyCount "58"]
[EventDate "2013.08.31"]
[EventType "swiss"]
[EventRounds "9"]
[EventCountry "GER"]
[SourceTitle "EXT 2017"]
[Source "ChessBase"]
[SourceDate "2016.10.25"]
[SourceVersion "1"]
[SourceVersionDate "2016.10.25"]
[SourceQuality "1"]

1. d4 Nf6 2. Bf4 d6 3. Nf3 g6 4. Nbd2 Bg7 5. e4 c5 6. dxc5 dxc5 7. Bc4 e6 8. c3 0-0 9. 0-0 Nc6 10. Re1 Nh5 11. Bg5 Qc7 12. Nb3 h6 13. Be3 b6 14. Qc1 Kh7 15. g4 Nf6 16. g5 Nxe4 17. gxh6 Be5 18. Nbd2 Nd6 19. Ng5+ Kh8 20. f4 Bf6 21. Rf1 Ne7 22. Bd3 Nef5 23. Nde4 Nxe4 24. Bxe4 Bb7 25. Bxf5 exf5 26. Qe1 Bxg5 27. fxg5 Rae8 28. Qf2 Qc6 29. Qg3 Rxe3 0-1

[Event "Wuerttemberg-ch KT"]
[Site "Bisingen"]
[Date "2013.09.03"]
[Round "4"]
[White "Hollstein, Guenter"]
[Black "Wendler, David"]
[Result "1-0"]
[WhiteElo "1986"]
[BlackElo "1595"]
[PlyCount "67"]
[EventDate "2013.08.31"]
[EventType "swiss"]
[EventRounds "9"]
[EventCountry "GER"]
[SourceTitle "EXT 2017"]
[Source "ChessBase"]
[SourceDate "2016.10.25"]
[SourceVersion "1"]
[SourceVersionDate "2016.10.25"]
[SourceQuality "1"]

1. d4 f5 2. Nf3 d6 3. e3 Nf6 4. b3 g6 5. Bb2 Bg7 6. Nbd2 0-0 7. Bc4+ Kh8 8. Ng5 c6 9. Nf7+ Rxf7 10. Bxf7 e6 11. Nf3 Qe7 12. Bxg6 hxg6 13. h4 Nbd7 14. h5 gxh5 15. Ng5 Kg8 16. Qf3 Kf8 17. 0-0-0 Ke8 18. Ba3 Nb6 19. c4 c5 20. dxc5 dxc5 21. Rxh5 Bd7 22. e4 Nxh5 23. Qxh5+ Kd8 24. Bxc5 Qf6 25. e5 Qh6 26. Qf7 Qxg5+ 27. Kb1 Kc8 28. Bxb6 axb6 29. Rxd7 Qd8 30. Rxd8+ Kxd8 31. Qg8+ Kc7 32. Qxa8 Bxe5 33. Qe8 Kd6 34. Qb8+ 1-0

[Event "Wuerttemberg-ch KT"]
[Site "Bisingen"]
[Date "2013.09.01"]
[Round "2"]
[White "Hollstein, Guenter"]
[Black "Fuss, Klaus"]
[Result "1/2-1/2"]
[WhiteElo "1986"]
[BlackElo "2077"]
[PlyCount "49"]
[EventDate "2013.08.31"]
[EventType "swiss"]
[EventRounds "9"]
[EventCountry "GER"]
[SourceTitle "EXT 2017"]
[Source "ChessBase"]
[SourceDate "2016.10.25"]
[SourceVersion "1"]
[SourceVersionDate "2016.10.25"]
[SourceQuality "1"]

1. d4 d5 2. Nf3 e6 3. e3 Nf6 4. Bd3 b6 5. 0-0 Bb7 6. b3 Nbd7 7. Bb2 Bd6 8. Nbd2 Qe7 9. Ne5 Ne4 10. f4 a6 11. a4 Ndf6 12. Nxe4 dxe4 13. Bc4 0-0 14. g4 Nd5 15. Bxd5 exd5 16. g5 f6 17. gxf6 Rxf6 18. Rf2 Raf8 19. Rg2 Bc8 20. Qe2 a5 21. Kh1 Be6 22. Rag1 Bxe5 23. dxe5 Rh6 24. Rg5 Rf5 25. R1g3 1/2-1/2

[Event "Wuerttemberg-ch KT"]
[Site "Bisingen"]
[Date "2013.08.31"]
[Round "1"]
[White "Toelg, Wolfgang"]
[Black "Hollstein, Guenter"]
[Result "0-1"]
[WhiteElo "1782"]
[BlackElo "1986"]
[PlyCount "48"]
[EventDate "2013.08.31"]
[EventType "swiss"]
[EventRounds "9"]
[EventCountry "GER"]
[SourceTitle "EXT 2017"]
[Source "ChessBase"]
[SourceDate "2016.10.25"]
[SourceVersion "1"]
[SourceVersionDate "2016.10.25"]
[SourceQuality "1"]

1. e4 d6 2. d4 g6 3. c4 Bg7 4. f4 c5 5. d5 b5 6. cxb5 a6 7. Na3 Nf6 8. Qc2 0-0 9. h3 axb5 10. Nxb5 Ba6 11. a4 Nbd7 12. Bd3 Nxe4 13. Ne2 Nef6 14. Nbc3 c4 15. Be4 Nc5 16. 0-0 Ncxe4 17. Nxe4 Nxd5 18. N2c3 Qb6+ 19. Kh1 Nb4 20. Qd2 Bb7 21. f5 Qd4 22. Qe2 d5 23. Ng5 Nd3 24. Qxe7 Nf2+ 0-1